Geography Quiz

Random Geography or State Quiz

Bordering States/Provinces Quiz Stats

 Plays Quiz Updated Nov 7, 2018

     
Support Sporcle.
Go Orange.
Score 0/24 Timer 06:00
0 Plays Today
Bordering States/Provinces/Territories State/Province/Territory % Correct
British Columbia, Idaho, OregonWashington
94.1%
California, Nevada, New Mexico, Colorado, UtahArizona
87.5%
Massachusetts, Quebec, New Hampshire, New YorkVermont
86.9%
Delaware, New York, PennsylvaniaNew Jersey
85.4%
Alabama, GeorgiaFlorida
84.9%
Illinois, Kentucky, Michigan, OhioIndiana
82%
Delaware, Pennsylvania, Virginia, West VirginiaMaryland
79.3%
Iowa, Manitoba, North Dakota, Ontario, South Dakota, WisconsinMinnesota
77.9%
Arkansas, Mississippi, TexasLouisiana
77.4%
None (Pacific Ocean)Hawaii
76%
Georgia, North CarolinaSouth Carolina
73.4%
Kentucky, Maryland, Ohio, Pennsylvania, VirginiaWest Virginia
73.3%
Bordering States/Provinces/Territories State/Province/Territory % Correct
Colorado, Missouri, Nebraska, OklahomaKansas
73.1%
Connecticut, MassachusettsRhode Island
72%
Louisiana, Mississippi, Missouri, Oklahoma, Tennessee, TexasArkansas
69.3%
New Brunswick, New Hampshire, QuebecMaine
68.7%
Kansas, New Mexico, Nebraska, Oklahoma, Arizona, Utah, WyomingColorado
67.7%
Illinois, Iowa, Michigan, MinnesotaWisconsin
64.5%
British Columbia, Yukon TerritoryAlaska
62.7%
Minnesota, North Dakota, Nunavut, Ontario, Saskatchewan, Manitoba
52%
British Columbia, Montana, Northwest Territories, SaskatchewanAlberta
50.8%
None (Gulf of St. Lawrence/Atlantic Ocean)Prince Edward Island
44.1%
New BrunswickNova Scotia
39.9%
Nunavut (Killiniq Island), QuebecNewfoundland and Labrador
38.7%

From the Vault

Know It: Literature

by BanjoZebra

There's a lot to know, but not a lot to type.
Remove Ads.
Support Sporcle.
Get the best of Sporcle when you Go Orange. This ad-free experience offers more features, more stats, and more fun while also helping to support Sporcle. Thank you for becoming a member.

Show Comments

Extras

Top Quizzes Today


Score Distribution

Your Account Isn't Verified!

In order to create a playlist on Sporcle, you need to verify the email address you used during registration. Go to your Sporcle Settings to finish the process.

Report this User

Report this user for behavior that violates our Community Guidelines.

Details: